The Time of Building kamil Khan Mumtaz and Architecture in Pakistan/ (Record no. 607864)

000 -LEADER
fixed length control field 00599nam a22001937a 4500
020 ## - INTERNATIONAL STANDARD BOOK NUMBER
International Standard Book Number 9789697834648
040 ## - CATALOGING SOURCE
Transcribing agency 0
082 ## - DEWEY DECIMAL CLASSIFICATION NUMBER
Edition number 720.95491
Author Mark CHR
100 1# - MAIN ENTRY--PERSONAL NAME
Personal name Moffat,Chris
9 (RLIN) 120736
245 3# - TITLE STATEMENT
Title The Time of Building kamil Khan Mumtaz and Architecture in Pakistan/
Statement of responsibility, etc. Chris Moffat with Kiran Ahmad and Amen Jaffer
260 ## - PUBLICATION, DISTRIBUTION, ETC.
Place of publication, distribution, etc. Lahore:
Name of publisher, distributor, etc. Folio Books;
Date of publication, distribution, etc. 2023.
300 ## - PHYSICAL DESCRIPTION
Extent 197p.:
Other physical details ill;
650 ## - SUBJECT ADDED ENTRY--TOPICAL TERM
Source of heading or term Architecture
Geographic subdivision Lahore
650 ## - SUBJECT ADDED ENTRY--TOPICAL TERM
Source of heading or term Architecture
Form subdivision Learning
9 (RLIN) 120737
650 ## - SUBJECT ADDED ENTRY--TOPICAL TERM
Source of heading or term Architecture
Geographic subdivision Buildings
700 1# - ADDED ENTRY--PERSONAL NAME
Personal name Ahmad,Kiran
9 (RLIN) 120738
700 1# - ADDED ENTRY--PERSONAL NAME
Personal name Jaffer,Amen
9 (RLIN) 120739
942 ## - ADDED ENTRY ELEMENTS (KOHA)
Source of classification or shelving scheme
Koha item type Book
Holdings
Withdrawn status Lost status Source of classification or shelving scheme Damaged status Not for loan Permanent Location Current Location Date acquired Source of acquisition Total Checkouts Full call number Barcode Date last seen Date last checked out Copy number Price effective from Koha item type Cost, replacement price
          School of Art Design and Architecture (SADA) School of Art Design and Architecture (SADA) 02/19/2024 Donation 1 720.95491 CHR 2023 SADAD0000480 09/22/2025 10/25/2024 01 02/20/2024 Book  
          School of Art Design and Architecture (SADA) School of Art Design and Architecture (SADA) 10/25/2024 Donation   720.95491 CHR 2023 SADAD0000486 10/25/2024   02 10/25/2024 Book 0.00
© 2023 Central Library, National University of Sciences and Technology. All Rights Reserved.